Úřední list Protektorátu Čechy a Morava
Uložené v:
| Médium: | Seriál |
|---|---|
| Jazyk: | Czech |
| Vydavateľské údaje: |
Praha
Ministerstvo vnitra
1941
|
| Tagy: |
Žiadne tagy, Buďte prvý, kto otaguje tento záznam!
|
MARC
| LEADER | 00000nas2a2200000$$$4500 | ||
|---|---|---|---|
| 001 | 0012708 | ||
| 005 | 20250730114310.8 | ||
| 041 | 0 | |a cze | |
| 044 | |a CZ | ||
| 245 | 1 | 0 | |a Úřední list Protektorátu Čechy a Morava |
| 264 | 1 | |a Praha |b Ministerstvo vnitra |c 1941 | |
| 300 | |a 5 zv. | ||
| 773 | 0 | |w eu_un_cat*0012698 | |